书目信息 |
| 题名: |
现代汉语
|
|
| 作者: | 黄伯荣 , 廖序东 主编 | |
| 分册: | 上册 | |
| 出版信息: | 兰州 甘肃人民出版社 1981 |
|
| 页数: | 275页 | |
| 开本: | 21cm | |
| 丛书名: | ||
| 单 册: | ||
| 中图分类: | H109.4 , H1 | |
| 科图分类: | ||
| 主题词: | 汉语--现代 | |
| 电子资源: | ||
| ISBN: | ||
| 000 | 00722nam0 2200277 450 | |
| 001 | 1573122438 | |
| 005 | 20150120202002.03 | |
| 010 | @dCNY1.20 | |
| 091 | @a9096.9(上) | |
| 091 | @a9096.12(下) | |
| 100 | @a19950405d1981 em y0chiy0110 ea | |
| 101 | 0 | @achi |
| 102 | @aCN@b620000 | |
| 105 | @ay z 000yy | |
| 200 | 1 | @a现代汉语@9xian dai han yu@h上册@f黄伯荣,廖序东主编 |
| 205 | @a2版 | |
| 210 | @a兰州@c甘肃人民出版社@d1981 | |
| 215 | @a275页@d21cm | |
| 300 | @a高等学校文科教材 | |
| 606 | 0 | @a汉语@z现代 |
| 690 | @aH109.4@v5 | |
| 690 | @aH1@v4 | |
| 701 | 0 | @a黄伯荣@9huang bo rong@4主编 |
| 701 | 0 | @a廖序东@9liao xu dong@f(1915.3~)@4主编 |
| 801 | 0 | @aCN@bTSSF@c20150120 |
| 905 | @aZUCC@dH1@eJY70:1=2 | |
| 现代汉语.上册/黄伯荣,廖序东主编.-2版.-兰州:甘肃人民出版社,1981 |
| 275页;21cm |
| 高等学校文科教材 |
| ISBN :CNY1.20 |
| ● |
| 相关链接 |
|
|
|
|
正题名:现代汉语
索取号:H1/JY70:1=2
 
预约/预借
| 序号 | 登录号 | 条形码 | 馆藏地/架位号 | 状态 | 备注 |
| 1 | 7842146 | 278421469 | 学院路分馆/ [索取号:H1/JY70:1=2] | 在馆 |